<?xml version="1.0" encoding="UTF-8"?>
<record
    xmlns:xsi="http://www.w3.org/2001/XMLSchema-instance"
    xsi:schemaLocation="http://www.loc.gov/MARC21/slim http://www.loc.gov/standards/marcxml/schema/MARC21slim.xsd"
    xmlns="http://www.loc.gov/MARC21/slim">

  <leader>01103nam a2200229 a 4500</leader>
  <controlfield tag="008">110706t1995    sp  |||f |||| 001 0 spa d</controlfield>
  <datafield tag="020" ind1=" " ind2=" ">
    <subfield code="a">848549847X</subfield>
  </datafield>
  <datafield tag="041" ind1=" " ind2=" ">
    <subfield code="a">spa</subfield>
  </datafield>
  <datafield tag="092" ind1=" " ind2=" ">
    <subfield code="c">616.89</subfield>
    <subfield code="l">77</subfield>
    <subfield code="s">SCH</subfield>
  </datafield>
  <datafield tag="100" ind1="1" ind2=" ">
    <subfield code="a">Schnitmann, Luis</subfield>
    <subfield code="9">3790</subfield>
  </datafield>
  <datafield tag="245" ind1=" " ind2=" ">
    <subfield code="a">Tratamiento de las drogodependencias.</subfield>
    <subfield code="b">Hero&#xED;na, coca&#xED;na, alcohol, tabaco, sint&#xE9;ticos /</subfield>
    <subfield code="c">Luis Schnitmann</subfield>
  </datafield>
  <datafield tag="250" ind1=" " ind2=" ">
    <subfield code="a">1a ed.</subfield>
  </datafield>
  <datafield tag="260" ind1=" " ind2=" ">
    <subfield code="a">Madrid:</subfield>
    <subfield code="b">Editorial Grupo Cero;</subfield>
    <subfield code="c">1995.</subfield>
  </datafield>
  <datafield tag="300" ind1=" " ind2=" ">
    <subfield code="a">80 p.</subfield>
  </datafield>
  <datafield tag="500" ind1=" " ind2=" ">
    <subfield code="a">Schnitmann, L. (1995). Tratamiento de las drogodependencias: Hero&#xED;na, coca&#xED;na, alcohol, tabaco, sint&#xE9;ticos. (1a ed.). Madrid : Grupo Cero.</subfield>
  </datafield>
  <datafield tag="653" ind1=" " ind2="3">
    <subfield code="a">La enfermedad social-psiquiatrica. Niveles de gravedad</subfield>
  </datafield>
  <datafield tag="653" ind1=" " ind2=" ">
    <subfield code="a">Cortar el cordon umbilical. Distintas manifestaciones, el mismo punto de vista psicoanalitico (heroina, cocaina, alchool, tabaco, sinteticos)</subfield>
  </datafield>
  <datafield tag="653" ind1=" " ind2=" ">
    <subfield code="a">Indicaciones tepareuticas. Criterios para el reordenamiento de las indicaciones</subfield>
  </datafield>
  <datafield tag="653" ind1=" " ind2=" ">
    <subfield code="a">Ejercicios cl&#xED;nicos. Un caso tipico de "lo que pasa con la droga"</subfield>
  </datafield>
  <datafield tag="653" ind1=" " ind2="3">
    <subfield code="a">La prevenci&#xF3;n en entredicho o la crisis del padre</subfield>
  </datafield>
  <datafield tag="942" ind1=" " ind2=" ">
    <subfield code="2">ddc</subfield>
    <subfield code="c">BK</subfield>
  </datafield>
  <datafield tag="999" ind1=" " ind2=" ">
    <subfield code="c">2200</subfield>
    <subfield code="d">2200</subfield>
  </datafield>
  <datafield tag="952" ind1=" " ind2=" ">
    <subfield code="0">0</subfield>
    <subfield code="1">0</subfield>
    <subfield code="2">ddc</subfield>
    <subfield code="4">0</subfield>
    <subfield code="7">0</subfield>
    <subfield code="a">BFM</subfield>
    <subfield code="b">BFM</subfield>
    <subfield code="c">CR</subfield>
    <subfield code="d">2015-09-21</subfield>
    <subfield code="e">Donaci&#xF3;n Alberto J. Molinari, Septiembre 2015</subfield>
    <subfield code="l">0</subfield>
    <subfield code="o">616.89 77 SCH</subfield>
    <subfield code="p">3539</subfield>
    <subfield code="r">2015-09-21</subfield>
    <subfield code="t">Ej.1</subfield>
    <subfield code="w">2015-09-21</subfield>
    <subfield code="y">BK</subfield>
    <subfield code="z">Donaci&#xF3;n Alberto J. Molinari, Septiembre 2015</subfield>
  </datafield>
</record>
